Primary arts education : contemporary issues

Αποθηκεύτηκε σε:
Λεπτομέρειες βιβλιογραφικής εγγραφής
Άλλοι συγγραφείς: Holt, David (Επιμελητής έκδοσης)
Μορφή: Βιβλίο
Γλώσσα:English
Δημοσίευση: London : The Falmer Press, 1997
Θέματα:
Ετικέτες: Προσθήκη ετικέτας
Δεν υπάρχουν, Καταχωρήστε ετικέτα πρώτοι!

MARC

LEADER 00000nam a2200000 i 4500
001 1/91011
008 991012s1997 eng d
020 |a 0-7507-0595-7 
035 |l 10053379 
040 |a GR-MY-UA  |b gre  |e aacr 
041 0 |a eng 
082 0 |a 375.7 
245 1 0 |a Primary arts education :  |b contemporary issues /  |c edited by David Holt 
260 |a London :   |b The Falmer Press,   |c 1997 
300 |a 170 p. 
650 0 0 |a Arts  |x Study and teaching (Elementary)  |z Great Britain. 
650 0 0 |a Art  |x Study and teaching (Elementary)  |z Great Britain. 
700 1 |a Holt, David.  |4 edt 
852 |a INST  |b RHODES  |e 19991012  |h 375.7 PRI  |p 005400011973  |q 005400011973  |t BK  |y 0 
901 |a BIBL4-1999-3 
909 |a Ρ  |b 068137 
922 |a 4ΕΛΗ  |b 199908  |c ΚΠΣ/154  |d GLORY BOOKS 
970 |z 1999/10/12